Stories: Aesop, Grimm, Perrault, or Andersen? - Statistics

General Stats
  • This quiz has been taken 153 times
    36 since last reset
  • The average score is 11 of 18
Answer Stats
Question Answer % Correct
The Tortoise and the Hare Aesop
100%
Hansel and Gretel Brothers Grimm
97%
Rumpelstiltskin Brothers Grimm
94%
The Little Mermaid Hans Christian Andersen
94%
The Fox and the Grapes Aesop
81%
Rapunzel Brothers Grimm
75%
The Ugly Duckling Hans Christian Andersen
69%
The Snow Queen Hans Christian Andersen
69%
Cinderella Charles Perrault
66%
Thumbelina Hans Christian Andersen
63%
The Boy Who Cried Wolf Aesop
59%
The Emperor's New Clothes Hans Christian Andersen
59%
The Town Mouse and the Country Mouse Aesop
44%
The Princess and the Pea Hans Christian Andersen
34%
The Frog Prince Brothers Grimm
31%
The Goose That Laid the Golden Eggs Aesop
28%
Little Red Riding Hood Charles Perrault
28%
Sleeping Beauty Charles Perrault
25%
No matching quizzes found
Score Distribution
Percent of People with Each Score
Percentile by Number Answered
Your Score History
You have not taken this quiz since the last reset